01686nam a2200325Ia 4500001001200000003000800012006001900020007001500039008004100054010001700095020001500112020001800127040002100145035002100166050002300187082002300210245033300233260005600566300002600622504004100648533015200689610004300841650006200884650007200946650005701018655002901075710011301104710001701217856012601234ebr10237092CaPaEBRm u cr cn|||||||||080802s2008 dcua sb 000 0 eng d z 2008298488 z0309116341 z9780309116343 aCaPaEBRcCaPaEBR a(OCoLC)56804397014aTL158b.R48 2008eb04a629.22/907207322200aReview of the research program of the FreedomCAR and Fuel Partnership.nSecond reporth[electronic resource] /cCommittee on Review of the FreedomCAR and Fuel Research Program, Phase 2, Board on Energy and Environmental Systems, Division on Engineering and Physical Sciences, National Research Council of the National Academies. aWashington, DC :bNational Academies Press,cc2008. axviii, 148 p. :bill. aIncludes bibliographical references. aElectronic reproduction.bPalo Alto, Calif. :cebrary,d2013.nAvailable via World Wide Web.nAccess may be limited to ebrary affiliated libraries.20aFreedomCAR and Fuel Partnership (U.S.) 0aAutomobilesxEnergy consumptionxResearchzUnited States. 0aMotor vehiclesxTechnological innovationsxResearchzUnited States. 0aResearch and development partnershipzUnited States. 7aElectronic books.2local2 aNational Research Council (U.S.).bCommittee on Review of the FreedomCar and Fuel Research Program, Phase 2.2 aebrary, Inc.40uhttp://site.ebrary.com/lib/rucke/Doc?id=10237092zAn electronic book accessible through the World Wide Web; click to view